| Поле | Инд. | ПП | Название | Значение |
|---|---|---|---|---|
| Тип записи | a | |||
| Библиографический уровень | m | |||
| 001 | Контрольный номер | RU/IS/BASE/481300910 | ||
| 005 | Дата корректировки | 20251031144609.6 | ||
| 008 | Кодируемые данные | 20150402 | ||
| 020 | a | ISBN | 9785170029631 | |
| 084 | a | Индекс другой классификации/Индекс ББК | 22.3я73; 22.2я73 | |
| 090 | a | Полочн. индекс | 22.3я73 | |
| x | Авторский знак | С 128 | ||
| 100 | 1_ | a | Автор | Савельев И. В. |
| q | Полное имя | Савельев Игорь Владимирович | ||
| 245 | 10 | a | Заглавие | Курс общей физики |
| b | Продолж. заглавия | учебное пособие для вузов: в 5 кн. | ||
| n | Номер части/ раздела | Кн.1 | ||
| p | Название части/ раздела | Механика | ||
| 260 | c | Дата издания | 2008 | |
| b | Издательство | Астрель | ||
| b | Издательство | АСТ | ||
| a | Место издания | Москва | ||
| 300 | a | Объем | 336 с. | |
| b | Иллюстрации/ тип воспроизводства | ил. | ||
| 336 | a | Термин вида содержания | Текст | |
| 337 | a | Термин типа средства | непосредственный | |
| 504 | a | Библиография | Предм. указ.: с. 334 | |
| 521 | 0_ | a | Примеч. о целев. назн. | студенты |
| 650 | 04 | a | Основная рубрика | механика |
| a | Основная рубрика | физика | ||
| 653 | 0_ | a | Ключевые слова | автоколебания |
| a | Ключевые слова | Бернулли уравнение | ||
| a | Ключевые слова | внутреннее трение | ||
| a | Ключевые слова | всемирное тяготение | ||
| a | Ключевые слова | гармонические колебания | ||
| a | Ключевые слова | гидродинамика | ||
| a | Ключевые слова | гироскопы | ||
| a | Ключевые слова | гравитационное поле | ||
| a | Ключевые слова | гравитация | ||
| a | Ключевые слова | динамика материальной точки | ||
| a | Ключевые слова | законы сохранения | ||
| a | Ключевые слова | кинематика | ||
| a | Ключевые слова | колебания | ||
| a | Ключевые слова | кориолисово ускорение | ||
| a | Ключевые слова | космические скорости | ||
| a | Ключевые слова | ламинарное течение | ||
| a | Ключевые слова | Лоренца преобразования | ||
| a | Ключевые слова | малые колебания | ||
| a | Ключевые слова | маятник | ||
| a | Ключевые слова | механика твердого тела | ||
| a | Ключевые слова | неинерциальные системы отсчета | ||
| a | Ключевые слова | Ньютона механика | ||
| a | Ключевые слова | принцип эквивалентности | ||
| a | Ключевые слова | релятивистская механика | ||
| a | Ключевые слова | уравнение неразрывности потока | ||
| 655 | a | Жанр/ форма (устаревшее) | учебное пособие | |
| 787 | 18 | w | Контрольный номер связываемой записи | RU/IS/BASE/437229936 |
| 900 | a | Имя электронного ресурса | obl_saveliev_fizika_5-1_2008 | |
| x | Справочная информация | Обложка | ||
| 901 | t | Тип документа | m | |
| 952 | a | Тип литературы для КСУ ВШ | УИ |